000
00287nam a2200133Ia 4500
100
_a
Pai/Vinayak R.
942
_c
BK
654
_a
Mechanics
245
_a
Fundamentals in Applied Mechanics
260
_b
A.V.G Prakashan
_c
2001
082
_a
620.1
300
_a
304
546
_a
ENGLISH
999
_c
22240
_d
22240